| 000 | 00466nam a2200193Ia 4500 | ||
|---|---|---|---|
| 003 | 0100 | ||
| 008 | 130307s9999 xx 000 0 und d | ||
| 040 | _cARRUPELIB | ||
| 050 | _aB829.5.L8132 1969 | ||
| 100 | _aLuijpen, William A | ||
| 245 | 2 | _aA first introduction to existential phenomenology | |
| 260 | _aLouvain | ||
| 260 | _bDuquesne University Press | ||
| 260 | _c1969 | ||
| 300 | _a243p. | ||
| 300 | _b21cm. | ||
| 700 | _aKoren, Henry J | ||
| 942 | 0 | 0 | _01 |
| 999 |
_c93910 _d93910 |
||